000 00696nam a2200217Ia 4500
001 9431
003 GE_BSU
008 181216s||||||||xx |||||||||||||| ||und||
040 _cGE_BSU
080 _a621.9.06
100 _aАчеркан,Н.С. Гаврюшин,А.А. Ермаков,В.В. и др.
245 _aМеталлорежущие станки. Том 2.
245 _cПод ред. Н.С.Ачеркана.
250 _aвторое перер. изд.
260 _aМ.
260 _bМашиностроение.
260 _c1965.
300 _a628 стр. 27 см. Библиогр.:стр.619-622.
653 _aМеталлорежущие станки.
942 _cBK
999 _c42725
_d42725